[Event "BL2-Sued 1516"]
[Site "Germany"]
[Date "2016.02.21"]
[Round "7.4"]
[White "Plenca, Julian"]
[Black "Dinger, Florian"]
[Result "1/2-1/2"]
[WhiteElo "2389"]
[BlackElo "2332"]
[PlyCount "73"]
[EventDate "2015.09.20"]
[EventType "team-tourn"]
[EventRounds "9"]
[EventCountry "GER"]
[SourceTitle "EXT 2017"]
[Source "ChessBase"]
[SourceDate "2016.10.25"]
[SourceVersion "1"]
[SourceVersionDate "2016.10.25"]
[SourceQuality "1"]
[WhiteTeam "Schoenaich"]
[BlackTeam "Baden-Baden II"]
[WhiteTeamCountry "GER"]
[BlackTeamCountry "GER"]

1. e4 c5 2. Nf3 d6 3. d4 cxd4 4. Nxd4 Nf6 5. Nc3 a6 6. f4 Qc7 7. Nf3 e5 8. Bd3 Nbd7 9. 0-0 Be7 10. Qe1 b6 11. fxe5 dxe5 12. Kh1 Bb7 13. Qg3 g6 14. Bh6 Nh5 15. Qf2 Bf8 16. Bxf8 Kxf8 17. Ng5 Nhf6 18. Nd5 Bxd5 19. exd5 Kg7 20. Ne4 Qd8 21. Rad1 Rf8 22. d6 Nxe4 23. Bxe4 Ra7 24. Qg3 f6 25. b4 b5 26. a4 Qb8 27. axb5 axb5 28. h4 Ra6 29. Bf5 Rd8 30. Bxd7 Rxd7 31. Rxf6 Kxf6 32. Rf1+ Kg7 33. Qxe5+ Kh6 34. Qf4+ Kg7 35. Qf6+ Kh6 36. Qg5+ Kg7 37. Qf6+ 1/2-1/2

[Event "BL2-Sued 1415"]
[Site "Germany"]
[Date "2014.09.21"]
[Round "1.5"]
[White "Dinger, Florian"]
[Black "Meinhardt, Maximilian"]
[Result "0-1"]
[WhiteElo "2360"]
[BlackElo "2395"]
[PlyCount "46"]
[EventDate "2014.09.21"]
[EventType "team-tourn"]
[EventRounds "9"]
[EventCountry "GER"]
[SourceTitle "CBM 166 Extra"]
[Source "ChessBase"]
[SourceDate "2015.06.18"]
[SourceVersion "1"]
[SourceVersionDate "2015.06.18"]
[SourceQuality "1"]
[WhiteTeam "Baden-Baden II"]
[BlackTeam "Viernheim"]
[WhiteTeamCountry "GER"]
[BlackTeamCountry "GER"]

1. e4 e6 2. Qe2 Be7 3. g3 d5 4. d3 Nf6 5. Bg2 0-0 6. e5 Ne8 7. c3 c5 8. h4 Nc6 9. Nf3 f6 10. Bf4 Qb6 11. 0-0 fxe5 12. Bxe5 Rxf3 13. Bxf3 Nxe5 14. Qxe5 Qxb2 15. Bxd5 exd5 16. Qxe7 Bh3 17. Re1 Qxa1 18. Kh2 Bg4 19. Qg5 Qxa2 20. Kg2 Bd7 21. d4 h6 22. Qg6 Qa6 23. Qh5 Nf6 0-1

[Event "BL2-Sued 1314"]
[Site "Germany"]
[Date "2014.03.16"]
[Round "8.4"]
[White "Schloetzer, Waldemar"]
[Black "Dinger, Florian"]
[Result "1-0"]
[WhiteElo "2301"]
[BlackElo "2369"]
[PlyCount "79"]
[EventDate "2013.10.13"]
[EventType "team-tourn"]
[EventRounds "9"]
[EventCountry "GER"]
[SourceTitle "EXT 2015"]
[Source "ChessBase"]
[SourceDate "2014.11.20"]
[SourceVersion "1"]
[SourceVersionDate "2014.11.20"]
[SourceQuality "1"]
[WhiteTeam "Buchen"]
[BlackTeam "Baden-Baden II"]
[WhiteTeamCountry "GER"]
[BlackTeamCountry "GER"]

1. Nf3 Nf6 2. g3 b6 3. Bg2 Bb7 4. 0-0 c5 5. c4 g6 6. Nc3 Bg7 7. e3 Ne4 8. Nxe4 Bxe4 9. d3 Bb7 10. d4 0-0 11. d5 e5 12. e4 d6 13. Ng5 Bc8 14. f4 Bf6 15. h4 exf4 16. gxf4 h6 17. Nf3 Bg4 18. f5 Kg7 19. Qd2 Rh8 20. fxg6 fxg6 21. Qf4 Bxf3 22. Rxf3 Qe7 23. Bh3 Na6 24. Be3 Raf8 25. Raf1 Bg5 26. Qg4 Bxe3+ 27. Rxe3 Rxf1+ 28. Bxf1 Rf8 29. e5 dxe5 30. Bd3 g5 31. Qe4 Kh8 32. d6 Qg7 33. h5 Nb4 34. Bb1 Rf4 35. Qxe5 Qxe5 36. Rxe5 Rd4 37. Re6 Kg7 38. Bf5 Nc6 39. Rg6+ Kf7 40. Be6+ 1-0

[Event "BL2-Sued 1314"]
[Site "Germany"]
[Date "2014.02.09"]
[Round "6.5"]
[White "Dinger, Florian"]
[Black "Grewenig, Jan"]
[Result "1-0"]
[WhiteElo "2367"]
[BlackElo "2039"]
[PlyCount "109"]
[EventDate "2013.10.13"]
[EventType "team-tourn"]
[EventRounds "9"]
[EventCountry "GER"]
[SourceTitle "EXT 2015"]
[Source "ChessBase"]
[SourceDate "2014.11.20"]
[SourceVersion "1"]
[SourceVersionDate "2014.11.20"]
[SourceQuality "1"]
[WhiteTeam "Baden-Baden II"]
[BlackTeam "Schwarzenbach"]
[WhiteTeamCountry "GER"]
[BlackTeamCountry "GER"]

1. e4 c5 2. Nf3 d6 3. d4 cxd4 4. Nxd4 Nf6 5. Nc3 a6 6. Be3 e5 7. Nb3 Be6 8. f4 Ng4 9. Bd2 exf4 10. Bxf4 Nc6 11. Qd2 Be7 12. h3 Nge5 13. 0-0-0 0-0 14. Kb1 Re8 15. Nd5 Rc8 16. Be2 Bf8 17. g4 Ng6 18. Bg5 f6 19. Be3 Nce5 20. Nd4 Nc4 21. Bxc4 Rxc4 22. b3 Rc8 23. g5 Bf7 24. gxf6 Rxe4 25. Nc3 Re5 26. fxg7 Bxg7 27. Nde2 Rh5 28. Bd4 Ne5 29. Rdf1 Qc7 30. Nf4 Rf5 31. Rhg1 Ng6 32. Bxg7 Kxg7 33. Nfd5 Rxd5 34. Rxf7+ Qxf7 35. Nxd5 Kh8 36. Qd4+ Qg7 37. Qb6 Qd7 38. Nf4 Rg8 39. Qd4+ Ne5 40. Re1 Qg7 41. Qxd6 Nf3 42. Rd1 Qc3 43. Qd3 Qxd3 44. Rxd3 Ng5 45. h4 Rf8 46. Nh5 Nf3 47. Rd7 b5 48. Ra7 Nxh4 49. Rxa6 Kg8 50. Rb6 Rf5 51. Nf6+ Kg7 52. Ne8+ Kf8 53. Nd6 Rg5 54. Nxb5 h5 55. a4 1-0

[Event "BL2-Sued 1213"]
[Site "Germany"]
[Date "2013.01.13"]
[Round "5.5"]
[White "Dinger, Florian"]
[Black "Schneider, Bernd2222"]
[Result "1-0"]
[WhiteElo "2362"]
[BlackElo "2234"]
[PlyCount "81"]
[EventDate "2012.10.14"]
[EventType "team-tourn"]
[EventRounds "9"]
[EventCountry "GER"]
[SourceTitle "CBM 154 Extra"]
[Source "ChessBase"]
[SourceDate "2013.06.25"]
[SourceVersion "2"]
[SourceVersionDate "2013.06.25"]
[SourceQuality "1"]
[WhiteTeam "Baden-Baden II"]
[BlackTeam "Untergrombach"]
[WhiteTeamCountry "GER"]
[BlackTeamCountry "GER"]

1. e4 c5 2. Nf3 e6 3. d4 cxd4 4. Nxd4 a6 5. Bd3 Qc7 6. Qe2 Nc6 7. Nxc6 bxc6 8. 0-0 d6 9. b3 Be7 10. Nd2 Bf6 11. Rb1 Ne7 12. f4 Ng6 13. g3 a5 14. Nf3 a4 15. b4 0-0 16. c4 d5 17. e5 dxc4 18. Bxg6 hxg6 19. exf6 gxf6 20. Be3 Rd8 21. Rfd1 Rd5 22. Qxc4 Ba6 23. Qc2 Qd7 24. Rbc1 Rc8 25. Kf2 Bd3 26. Qc3 e5 27. Ne1 Be4 28. Rxd5 Bxd5 29. Qd2 Qf5 30. Kg1 Qe4 31. Ng2 Re8 32. fxe5 Rxe5 33. Bd4 Re6 34. Bc3 g5 35. Re1 Qf3 36. Rf1 Qh5 37. Rf2 Qg6 38. Ne3 Be4 39. Qd8+ Kg7 40. Rxf6 Rxf6 41. Ng4 1-0

[Event "BL2-Sued 1213"]
[Site "Germany"]
[Date "2012.11.25"]
[Round "3.5"]
[White "Dinger, Florian"]
[Black "Dausch, Rene"]
[Result "0-1"]
[WhiteElo "2362"]
[BlackElo "2360"]
[PlyCount "80"]
[EventDate "2012.10.14"]
[EventType "team-tourn"]
[EventRounds "9"]
[EventCountry "GER"]
[SourceTitle "CBM 154 Extra"]
[Source "ChessBase"]
[SourceDate "2013.06.25"]
[SourceVersion "2"]
[SourceVersionDate "2013.06.25"]
[SourceQuality "1"]
[WhiteTeam "Baden-Baden II"]
[BlackTeam "Boeblingen"]
[WhiteTeamCountry "GER"]
[BlackTeamCountry "GER"]

1. e4 c5 2. Nf3 Nc6 3. Bb5 Nf6 4. Bxc6 dxc6 5. d3 Qc7 6. h3 e5 7. Nbd2 h6 8. Nc4 Be6 9. Qe2 0-0-0 10. Bd2 Nd7 11. Bc3 Bxc4 12. dxc4 Bd6 13. Nh4 g6 14. 0-0-0 Nf8 15. f4 Ne6 16. f5 Nd4 17. Bxd4 exd4 18. fxg6 fxg6 19. Qg4+ Kb8 20. Qxg6 Bg3 21. Nf5 Rhg8 22. Qh5 Bf4+ 23. Kb1 Rxg2 24. Rhg1 Rg5 25. Qf3 Rxg1 26. Rxg1 Bg5 27. Rf1 Rf8 28. Qg2 Qe5 29. h4 Bd8 30. a3 h5 31. Rf2 a6 32. Rf1 Qe6 33. Rg1 Bc7 34. Qg7 Re8 35. Qh7 Qxe4 36. Qxh5 d3 37. cxd3 Qxd3+ 38. Ka1 Re2 39. Ng3 Bxg3 40. Rxg3 Re1+ 0-1

[Event "BL2-Sued 1112"]
[Site "Germany"]
[Date "2012.02.05"]
[Round "6.5"]
[White "Jacob, Volker"]
[Black "Dinger, Florian"]
[Result "1/2-1/2"]
[WhiteElo "2246"]
[BlackElo "2366"]
[PlyCount "74"]
[EventDate "2011.10.02"]
[EventType "team-tourn"]
[EventRounds "9"]
[EventCountry "GER"]
[SourceTitle "EXT 2015"]
[Source "ChessBase"]
[SourceDate "2014.11.20"]
[SourceVersion "1"]
[SourceVersionDate "2014.11.20"]
[SourceQuality "1"]
[WhiteTeam "Viernheim"]
[BlackTeam "Baden-Baden II"]
[WhiteTeamCountry "GER"]
[BlackTeamCountry "GER"]

1. d4 Nf6 2. c4 e6 3. Nc3 Bb4 4. f3 c5 5. d5 d6 6. e4 Bxc3+ 7. bxc3 e5 8. Bd3 Nbd7 9. Ne2 Nf8 10. h4 h6 11. Be3 Qa5 12. Qd2 Bd7 13. a4 0-0-0 14. Kf2 Kb8 15. Rhb1 Ka8 16. Nc1 Ng6 17. g3 Rb8 18. Nb3 Qc7 19. Qc1 b6 20. Qa3 Rhc8 21. Rb2 a5 22. Nd2 Qd8 23. Rab1 Ka7 24. Rb3 Rb7 25. R3b2 Rbb8 26. Qb3 Rb7 27. Qa3 Rcb8 28. Qb3 Nh5 29. Rh1 Qf6 30. Nf1 Rg8 31. Qd1 Qe7 32. Ke1 Rbb8 33. Rf2 Rbf8 34. Qb3 Nf6 35. Rb2 Rb8 36. Rf2 Qe8 37. Ra2 Qe7 1/2-1/2

[Event "Baden CupT final"]
[Site "Baden-Baden"]
[Date "2011.07.24"]
[Round "5.2"]
[White "Osorio Ortiz, Marcos Eduardo"]
[Black "Dinger, Florian"]
[Result "1-0"]
[WhiteElo "2251"]
[BlackElo "2366"]
[PlyCount "57"]
[EventDate "2011.07.23"]
[EventType "team-tourn"]
[EventRounds "5"]
[EventCountry "GER"]
[SourceTitle "EXT 2012"]
[Source "ChessBase"]
[SourceDate "2011.11.24"]
[SourceVersion "1"]
[SourceVersionDate "2011.11.24"]
[SourceQuality "1"]
[WhiteTeam "Emmendingen"]
[BlackTeam "Baden-Baden"]
[WhiteTeamCountry "GER"]
[BlackTeamCountry "GER"]

1. e4 c5 2. Nf3 e6 3. d3 Nc6 4. g3 d6 5. Bg2 g6 6. d4 Qc7 7. dxc5 dxc5 8. 0-0 b6 9. Bf4 Qe7 10. c3 Bb7 11. e5 Qc7 12. Na3 a6 13. Nc4 b5 14. Nd6+ Bxd6 15. exd6 Qd7 16. a4 f6 17. axb5 axb5 18. Rxa8+ Bxa8 19. Qe2 Nd8 20. Ra1 Bc6 21. Ne5 fxe5 22. Bxe5 Bxg2 23. Kxg2 Nf6 24. Bxf6 0-0 25. Be7 Re8 26. Ra8 e5 27. Rxd8 Rxd8 28. Bxd8 Qxd8 29. Qxe5 1-0

[Event "BL2-Sued 1011"]
[Site "Germany"]
[Date "2011.02.27"]
[Round "7.4"]
[White "Dinger, Florian"]
[Black "Gasthofer, Alexander"]
[Result "1-0"]
[WhiteElo "2365"]
[BlackElo "2453"]
[PlyCount "117"]
[EventDate "2010.10.10"]
[EventType "team-tourn"]
[EventRounds "9"]
[EventCountry "GER"]
[SourceTitle "EXT 2012"]
[Source "ChessBase"]
[SourceDate "2011.11.24"]
[SourceVersion "1"]
[SourceVersionDate "2011.11.24"]
[SourceQuality "1"]
[WhiteTeam "Baden-Baden 1922 II"]
[BlackTeam "Hockenheim"]
[WhiteTeamCountry "GER"]
[BlackTeamCountry "GER"]

1. e4 e6 2. d4 d5 3. Nd2 dxe4 4. Nxe4 Nd7 5. Nf3 Ngf6 6. Nxf6+ Nxf6 7. c3 c5 8. Ne5 a6 9. Be3 Qc7 10. Qa4+ Nd7 11. 0-0-0 cxd4 12. Nxd7 Qxd7 13. Qc2 Bc5 14. Bxd4 Qe7 15. Bxg7 Rg8 16. Bd4 Bd7 17. g3 Bc6 18. Bxc5 Qxc5 19. Rg1 Bd5 20. Bg2 0-0-0 21. Bxd5 Rxd5 22. Rxd5 Qxd5 23. Rd1 Qh5 24. f4 Qh6 25. Qd2 Kb8 26. Qd6+ Ka8 27. Rd2 Qg6 28. Qd3 Qh5 29. Qe4 Rb8 30. b4 h6 31. a4 Rc8 32. Kb2 Ka7 33. Kb3 f5 34. Qxe6 Re8 35. Qd5 Qg6 36. b5 Rc8 37. Qd4+ Ka8 38. Qd7 Qg8+ 39. Rd5 Qh8 40. Rd4 Qg8+ 41. Qd5 Qg6 42. bxa6 Qxa6 43. Rb4 Kb8 44. a5 Rc6 45. Qb5 Ka7 46. Qxa6+ Kxa6 47. Rb6+ Rxb6+ 48. axb6 Kb5 49. Kc2 Kxb6 50. Kd3 Kc5 51. c4 Kd6 52. Kd4 b6 53. Kd3 Kc6 54. Kc2 Kd6 55. Kb3 Kc5 56. Kc3 Kd6 57. Kb4 Kc6 58. h3 Kd7 59. Kb5 1-0

[Event "BL2-Sued 0910"]
[Site "Germany"]
[Date "2010.03.21"]
[Round "8.4"]
[White "Lorscheid, Gerhard"]
[Black "Dinger, Florian"]
[Result "1/2-1/2"]
[WhiteElo "2355"]
[BlackElo "2359"]
[PlyCount "42"]
[EventDate "2009.10.18"]
[EventType "team-tourn"]
[EventRounds "9"]
[EventCountry "GER"]
[SourceTitle "EXT 2011"]
[Source "ChessBase"]
[SourceDate "2010.11.26"]
[SourceVersion "1"]
[SourceVersionDate "2010.11.26"]
[SourceQuality "1"]
[WhiteTeam "Stuttgart"]
[BlackTeam "Baden-Baden II"]
[WhiteTeamCountry "GER"]
[BlackTeamCountry "GER"]

1. d4 Nf6 2. c4 e6 3. Nc3 Bb4 4. Qc2 c5 5. dxc5 0-0 6. Nf3 Na6 7. c6 bxc6 8. a3 Be7 9. b4 d5 10. e3 Nb8 11. c5 a5 12. Bb2 Qc7 13. Na4 Nbd7 14. Bd3 Ba6 15. 0-0 Bxd3 16. Qxd3 Ne4 17. Nc3 Bf6 18. Nd4 Ne5 19. Qe2 Nxc3 20. Bxc3 axb4 21. axb4 Qb7 1/2-1/2

[Event "Cappelle op 26th"]
[Site "Cappelle la Grande"]
[Date "2010.02.13"]
[Round "1"]
[White "Dinger, Florian"]
[Black "Gharamian, Tigran"]
[Result "0-1"]
[WhiteElo "2359"]
[BlackElo "2609"]
[PlyCount "106"]
[EventDate "2010.02.13"]
[EventType "swiss"]
[EventRounds "9"]
[EventCountry "FRA"]
[SourceTitle "CBM 134 Extra"]
[Source "ChessBase"]
[SourceDate "2010.03.03"]
[SourceVersion "1"]
[SourceVersionDate "2010.03.03"]
[SourceQuality "1"]

1. e4 Nf6 2. Nc3 d5 3. e5 Nfd7 4. d4 c5 5. f4 cxd4 6. Nb5 Nc6 7. Nxd4 Nxd4 8. Qxd4 e6 9. Be3 Bc5 10. Qc3 Qb6 11. Bxc5 Nxc5 12. Qd4 Bd7 13. a4 a5 14. b3 0-0 15. Nf3 Rfc8 16. Be2 Qc7 17. 0-0 Na6 18. Bxa6 Rxa6 19. Rf2 Rc6 20. Ra2 Rc3 21. Rd2 b5 22. axb5 Bxb5 23. Qf2 Bd7 24. Nd4 g6 25. Ne2 Rc5 26. h4 h5 27. Kh2 Qb6 28. Qg1 Qb4 29. Qd4 Qb6 30. Qa1 Qb4 31. Qd4 Qb6 32. Qa1 Qc7 33. Qd1 Rb8 34. Kh1 Rb4 35. Rd4 Bb5 36. Rxb4 Bxe2 37. Qxe2 axb4 38. Qd2 Rc3 39. Qd4 Qd8 40. Qf2 Kg7 41. Ra4 Qc7 42. Qa7 Qd8 43. Qf2 Qe7 44. Kg1 Rc7 45. Ra8 Rc3 46. Ra7 Rc7 47. Ra8 Rc5 48. Ra4 Qc7 49. Qg3 Ra5 50. Rxa5 Qxa5 51. Qf2 Qa1+ 52. Kh2 Qd1 53. g3 d4 0-1

[Event "BL2-Sued 0910"]
[Site "Germany"]
[Date "2009.11.29"]
[Round "3.5"]
[White "Dinger, Florian"]
[Black "Paci, Cedric"]
[Result "1/2-1/2"]
[WhiteElo "2359"]
[BlackElo "2351"]
[PlyCount "127"]
[EventDate "2009.10.18"]
[EventType "team-tourn"]
[EventRounds "9"]
[EventCountry "GER"]
[SourceTitle "EXT 2011"]
[Source "ChessBase"]
[SourceDate "2010.11.26"]
[SourceVersion "1"]
[SourceVersionDate "2010.11.26"]
[SourceQuality "1"]
[WhiteTeam "Baden-Baden II"]
[BlackTeam "Saarbruecken"]
[WhiteTeamCountry "GER"]
[BlackTeamCountry "GER"]

1. e4 e6 2. d4 d5 3. Nc3 Nf6 4. e5 Nfd7 5. f4 c5 6. Nf3 Nc6 7. Be3 Be7 8. Qd2 0-0 9. Be2 a6 10. 0-0 b5 11. dxc5 Bxc5 12. Nd4 Qb6 13. Rad1 f6 14. exf6 Nxf6 15. Bf3 Bd7 16. Rfe1 Rac8 17. Nb3 Bxe3+ 18. Qxe3 Qxe3+ 19. Rxe3 Ne7 20. Nd4 Ng6 21. Nce2 Rfe8 22. Re1 e5 23. fxe5 Nxe5 24. Nf4 Nxf3+ 25. gxf3 g5 26. Nd3 Rxe3 27. Rxe3 g4 28. Nc5 h5 29. c3 Rb8 30. Nxd7 Nxd7 31. Nc6 Rb6 32. Ne7+ Kf7 33. Nxd5 Rd6 34. Nf4 Nf6 35. Rd3 Rc6 36. Kf2 gxf3 37. Rxf3 Kg7 38. h3 b4 39. Ne2 a5 40. Ke1 h4 41. Rf4 Nd5 42. Rg4+ Kf7 43. Kd2 bxc3+ 44. Nxc3 Nb4 45. Rxh4 Rd6+ 46. Kc1 Rf6 47. Rd4 Rf3 48. h4 Rh3 49. a3 Nd3+ 50. Kc2 Nc5 51. Rd5 Rh2+ 52. Kb1 Nb3 53. h5 Ke6 54. Rg5 Kf6 55. Ne4+ Kf7 56. Nc3 Kf6 57. Rg6+ Ke5 58. Rb6 Rh1+ 59. Kc2 Nd4+ 60. Kd3 Rxh5 61. Ra6 Nb3 62. Kc4 Nd2+ 63. Kd3 Nb3 64. Kc4 1/2-1/2

[Event "Oberliga Baden 0809"]
[Site "Germany"]
[Date "2009.03.15"]
[Round "8.1"]
[White "Dinger, Florian"]
[Black "Buss, Ralph"]
[Result "1/2-1/2"]
[WhiteElo "2343"]
[BlackElo "2354"]
[PlyCount "66"]
[EventDate "2008.10.05"]
[EventType "team-tourn"]
[EventRounds "9"]
[EventCountry "GER"]
[SourceTitle "EXT 2010"]
[Source "ChessBase"]
[SourceDate "2010.11.25"]
[SourceVersion "1"]
[SourceVersionDate "2010.11.25"]
[SourceQuality "1"]
[WhiteTeam "Baden-Baden III"]
[BlackTeam "Horben"]
[WhiteTeamCountry "GER"]
[BlackTeamCountry "GER"]

1. e4 c5 2. Nf3 d6 3. d4 cxd4 4. Nxd4 Nf6 5. Nc3 Nc6 6. Bc4 e6 7. Bb3 Be7 8. 0-0 0-0 9. Be3 a6 10. f4 Nxd4 11. Bxd4 b5 12. a3 Bb7 13. Qe2 Qc7 14. f5 e5 15. Bf2 a5 16. Nd5 Nxd5 17. exd5 Ba6 18. Qe4 a4 19. Ba2 b4 20. axb4 Bxf1 21. Rxf1 a3 22. bxa3 Rxa3 23. Bc4 Rfa8 24. Bd3 Ra1 25. f6 Bxf6 26. Qxh7+ Kf8 27. b5 Qb7 28. c4 Rxf1+ 29. Kxf1 Ra1+ 30. Ke2 Ra2+ 31. Kf1 Ra1+ 32. Ke2 Ra2+ 33. Kf1 Ra1+ 1/2-1/2

[Event "Oberliga Baden 0809"]
[Site "Germany"]
[Date "2009.01.18"]
[Round "5.1"]
[White "Dudek, Richard"]
[Black "Dinger, Florian"]
[Result "1-0"]
[WhiteElo "2254"]
[BlackElo "2343"]
[PlyCount "89"]
[EventDate "2008.10.05"]
[EventType "team-tourn"]
[EventRounds "9"]
[EventCountry "GER"]
[SourceTitle "EXT 2010"]
[Source "ChessBase"]
[SourceDate "2010.11.25"]
[SourceVersion "1"]
[SourceVersionDate "2010.11.25"]
[SourceQuality "1"]
[WhiteTeam "Eppingen II"]
[BlackTeam "Baden-Baden III"]
[WhiteTeamCountry "GER"]
[BlackTeamCountry "GER"]

1. e4 c5 2. Nc3 Nc6 3. g3 g6 4. Bg2 Bg7 5. d3 d6 6. Be3 e5 7. Qd2 Nge7 8. Bh6 0-0 9. h4 Bxh6 10. Qxh6 f6 11. Qd2 Nd4 12. Nd1 Rb8 13. c3 Ne6 14. Ne2 b5 15. Ne3 Bb7 16. 0-0-0 d5 17. f4 dxe4 18. dxe4 Qxd2+ 19. Rxd2 exf4 20. gxf4 c4 21. Rd7 Nc8 22. h5 Rf7 23. Ng4 Kg7 24. hxg6 Rxd7 25. Rxh7+ Kxg6 26. Rxd7 Nxf4 27. Nxf4+ Kg5 28. e5 Bxg2 29. Nxg2 Kxg4 30. exf6 Nb6 31. Rxa7 Nd5 32. f7 Kf5 33. Ne3+ Nxe3 34. Re7 Rf8 35. Rxe3 Rxf7 36. Rf3+ Ke6 37. Rxf7 Kxf7 38. Kd2 Ke6 39. Ke2 Kf6 40. Kf2 Ke6 41. Ke3 Ke5 42. a3 Kd5 43. Kf4 Kc5 44. Ke5 Kb6 45. Kd6 1-0

[Event "Oberliga Baden 0809"]
[Site "Germany"]
[Date "2008.11.30"]
[Round "3.1"]
[White "Dinger, Florian"]
[Black "Maier, Christian"]
[Result "1-0"]
[WhiteElo "2343"]
[BlackElo "2328"]
[PlyCount "97"]
[EventDate "2008.10.05"]
[EventType "team-tourn"]
[EventRounds "9"]
[EventCountry "GER"]
[SourceTitle "EXT 2010"]
[Source "ChessBase"]
[SourceDate "2010.11.25"]
[SourceVersion "1"]
[SourceVersionDate "2010.11.25"]
[SourceQuality "1"]
[WhiteTeam "Baden-Baden III"]
[BlackTeam "Zaehringen"]
[WhiteTeamCountry "GER"]
[BlackTeamCountry "GER"]

1. e4 e6 2. d4 d5 3. Nc3 Bb4 4. e5 Ne7 5. Bd2 Nf5 6. Nf3 Be7 7. Bd3 b6 8. g4 Nh4 9. Nxh4 Bxh4 10. 0-0 Be7 11. f4 c5 12. f5 c4 13. Be2 Nc6 14. Be3 a6 15. Bf3 b5 16. Bg2 b4 17. Ne2 Bg5 18. Qd2 Bxe3+ 19. Qxe3 h5 20. f6 gxf6 21. Rxf6 hxg4 22. Raf1 Ra7 23. Qf4 Qe7 24. Qxg4 Qf8 25. h4 Rg8 26. Qh3 Qg7 27. Kh2 Qg4 28. Qxg4 Rxg4 29. Rh6 Ne7 30. Bf3 Rg7 31. Nf4 Kf8 32. Nh5 Nf5 33. Rh8+ Rg8 34. Rxg8+ Kxg8 35. Rg1+ Kf8 36. Nf6 Ke7 37. Rg8 Bd7 38. h5 c3 39. Rb8 Bc6 40. bxc3 bxc3 41. Ng8+ Kd7 42. h6 Nxh6 43. Nxh6 Ba4 44. Bd1 Kc7 45. Rb4 Be8 46. Rb3 Kd8 47. Rxc3 Rb7 48. Rb3 Rc7 49. Rb8+ 1-0

[Event "Budapest FS08 GM"]
[Site "Budapest"]
[Date "2008.08.06"]
[Round "5"]
[White "Dinger, Florian"]
[Black "Hansen, Torbjorn Ringdal"]
[Result "0-1"]
[WhiteElo "2333"]
[BlackElo "2423"]
[PlyCount "68"]
[EventDate "2008.08.02"]
[EventType "tourn"]
[EventRounds "13"]
[EventCountry "HUN"]
[EventCategory "7"]
[SourceTitle "CBM 125 Extra"]
[Source "ChessBase"]
[SourceDate "2008.09.01"]
[SourceVersion "1"]
[SourceVersionDate "2008.09.01"]
[SourceQuality "1"]

1. e4 e5 2. Nf3 Nc6 3. Bb5 a6 4. Bxc6 dxc6 5. 0-0 Bg4 6. h3 Bh5 7. g4 Bg6 8. Nxe5 f6 9. Nxg6 hxg6 10. Kg2 Qd7 11. d3 0-0-0 12. Bf4 Bd6 13. Bg3 f5 14. Nc3 f4 15. Bh2 Ne7 16. f3 g5 17. Bg1 Be5 18. Bf2 Bd4 19. Qe2 Ng6 20. Nd1 Rh6 21. c3 Bf6 22. d4 Rdh8 23. Rh1 c5 24. Qc4 cxd4 25. cxd4 Bxd4 26. Bxd4 Nh4+ 27. Kf2 Rc6 28. Qb4 Rc2+ 29. Kf1 Nxf3 30. Bf2 Qd3+ 31. Kg2 Nh4+ 32. Kg1 Rd8 33. Bxh4 gxh4 34. Qe1 Re2 0-1

[Event "Budapest FS08 GM"]
[Site "Budapest"]
[Date "2008.08.04"]
[Round "3"]
[White "Nguyen, Huynh Minh Huy"]
[Black "Dinger, Florian"]
[Result "1/2-1/2"]
[WhiteElo "2477"]
[BlackElo "2333"]
[PlyCount "101"]
[EventDate "2008.08.02"]
[EventType "tourn"]
[EventRounds "13"]
[EventCountry "HUN"]
[EventCategory "7"]
[SourceTitle "CBM 125 Extra"]
[Source "ChessBase"]
[SourceDate "2008.09.01"]
[SourceVersion "1"]
[SourceVersionDate "2008.09.01"]
[SourceQuality "1"]

1. d4 Nf6 2. Bg5 e6 3. e4 h6 4. Bxf6 Qxf6 5. Nf3 d6 6. Nc3 Nd7 7. Qd2 a6 8. 0-0-0 g6 9. e5 Qd8 10. d5 Nxe5 11. dxe6 Bxe6 12. Nd4 Qd7 13. f4 Nc6 14. Nxe6 fxe6 15. Bd3 Rg8 16. Qe2 0-0-0 17. Rhe1 Re8 18. Nd5 Bg7 19. Ne3 Qf7 20. g3 Bh8 21. c3 Kb8 22. Bc2 h5 23. Ba4 Qd7 24. Nc2 b5 25. Bb3 d5 26. Qe3 Na5 27. Nb4 Kb7 28. Nd3 Qc6 29. Kb1 Ka8 30. Nb4 Qd7 31. Nxa6 Nb7 32. Kc2 Qd6 33. Nb4 c5 34. Nxd5 exd5 35. Qxe8+ Rxe8 36. Rxe8+ Ka7 37. Bxd5 Qf6 38. Rde1 Qf5+ 39. Be4 Qh3 40. Bxb7 Kxb7 41. Rxh8 Qxh2+ 42. Kb3 c4+ 43. Ka3 b4+ 44. Kxb4 Qxb2+ 45. Kxc4 Qxa2+ 46. Kd3 Qd5+ 47. Ke3 Qg2 48. Rb1+ Kc7 49. Rhb8 Qxg3+ 50. Ke4 Qxc3 51. R1b7+ 1/2-1/2

[Event "Pardubice Chladek&Tintera op-A 19th"]
[Site "Pardubice"]
[Date "2008.07.26"]
[Round "9"]
[White "Dinger, Florian"]
[Black "Faerman, Igor"]
[Result "1-0"]
[WhiteElo "2333"]
[BlackElo "2245"]
[PlyCount "73"]
[EventDate "2008.07.18"]
[EventType "swiss"]
[EventRounds "9"]
[EventCountry "CZE"]
[SourceTitle "CBM 125 Extra"]
[Source "ChessBase"]
[SourceDate "2008.09.01"]
[SourceVersion "1"]
[SourceVersionDate "2008.09.01"]
[SourceQuality "1"]

1. e4 c5 2. Nf3 e6 3. d4 cxd4 4. Nxd4 Nf6 5. Bd3 Nc6 6. Nxc6 bxc6 7. 0-0 d5 8. e5 Nd7 9. Re1 a5 10. c3 Ba6 11. Bc2 Qb8 12. Qd4 g6 13. Nd2 c5 14. Qf4 Bg7 15. Nf3 0-0 16. h4 c4 17. h5 Nc5 18. Qh2 Qe8 19. Be3 Rc8 20. g4 Nd3 21. Bxd3 cxd3 22. h6 Bh8 23. g5 a4 24. Bd4 Bc4 25. Nd2 Ba6 26. Qf4 Qe7 27. Qe3 Rc7 28. b3 a3 29. Rac1 Rfc8 30. Red1 Rd7 31. Nf3 Qd8 32. Ne1 Rcc7 33. Nxd3 Bxd3 34. Rxd3 Rc8 35. Rdd1 Qe7 36. f4 Rdc7 37. Kf2 1-0

[Event "Pardubice Chladek&Tintera op-A 19th"]
[Site "Pardubice"]
[Date "2008.07.25"]
[Round "8"]
[White "Kuljasevic, Davorin"]
[Black "Dinger, Florian"]
[Result "1-0"]
[WhiteElo "2501"]
[BlackElo "2333"]
[PlyCount "95"]
[EventDate "2008.07.18"]
[EventType "swiss"]
[EventRounds "9"]
[EventCountry "CZE"]
[SourceTitle "CBM 125 Extra"]
[Source "ChessBase"]
[SourceDate "2008.09.01"]
[SourceVersion "1"]
[SourceVersionDate "2008.09.01"]
[SourceQuality "1"]

1. d4 Nf6 2. c4 e6 3. Nc3 Bb4 4. e3 c5 5. Nge2 d5 6. a3 Bxc3+ 7. Nxc3 cxd4 8. exd4 dxc4 9. Bxc4 Nc6 10. Be3 0-0 11. 0-0 b6 12. Qf3 Bb7 13. Bd3 Qd7 14. Qh3 Ne7 15. Bg5 Ng6 16. Bxf6 gxf6 17. Rad1 Rad8 18. Rfe1 Qc7 19. Be4 Bc8 20. Bb1 Kg7 21. Ne4 Rd5 22. Ng3 Qd8 23. Nh5+ Kg8 24. Qf3 f5 25. Qe3 f6 26. Ba2 Rd6 27. Rc1 Bd7 28. Nf4 Re8 29. Qg3 Rxd4 30. Nxe6 Bxe6 31. Bxe6+ Kg7 32. Bxf5 Rxe1+ 33. Rxe1 Rd1 34. Qc3 Qd4 35. Kf1 Rxe1+ 36. Kxe1 Qf4 37. Bxg6 hxg6 38. g3 Qe4+ 39. Kd2 Qd5+ 40. Qd3 Qc6 41. h4 a5 42. Qd4 Kh7 43. g4 Qe6 44. g5 fxg5 45. hxg5 Kg8 46. Kc3 Kf8 47. Qf6+ Qxf6+ 48. gxf6 1-0